00335nam a2200157Ia 4500003000900000008004100009040001300050040001300063100001700076245002800093250001100121260001300132300000800145490000600153700001800159IT-RoPAU120407s9999 xx 000 0 und d aIT-RoPAU cIT-RoPAU aJames L. Dow aDizionario della Bibbia aMilano aVallardi c cm v1 aGiampiero Bof